Применение систем передачи данных в гражданской авиации

Xehetasun bibliografikoak
Egile nagusia: Янбых Г. Ф. Геннадий Федорович
Beste egile batzuk: Тригуб В. Ф.
Hizkuntza:errusiera
Argitaratua: Рига, Изд-во РИИГА, 1971
Gaiak:
Formatua: MixedMaterials Liburua
KOHA link:https://koha.lib.tpu.ru/cgi-bin/koha/opac-detail.pl?biblionumber=132251

MARC

LEADER 00000nam0a2200000 4500
001 132251
005 20231031134759.0
035 |a (RuTPU)RU\TPU\book\143198 
090 |a 132251 
100 |a 20080228d1971 m y0rusy50 ca 
101 0 |a rus 
102 |a LV 
105 |a a z 001zy 
200 1 |a Применение систем передачи данных в гражданской авиации  |f Г. Ф. Янбых, В. Ф. Тригуб 
210 |a Рига  |c Изд-во РИИГА  |d 1971 
215 |a 244 с.  |c ил. 
320 |a Библиогр.: с. 240. 
610 1 |a применение 
610 1 |a системы передачи 
610 1 |a данные 
610 1 |a гражданская авиация 
610 1 |a информация 
610 1 |a передача 
675 |a 621.39.01(075.8)  |v 3 
700 1 |a Янбых  |b Г. Ф.  |g Геннадий Федорович 
701 1 |a Тригуб  |b В. Ф. 
801 1 |a RU  |b 63413507  |c 20080228  |g PSBO 
801 2 |a RU  |b 63413507  |c 20090506  |g PSBO 
942 |c BK